| 000 | 00848nam a2200241 a 4500 | ||
|---|---|---|---|
| 001 | 4256 | ||
| 003 | CDMR | ||
| 005 | 20131129095401.0 | ||
| 008 | 130130s1991||||||||||||||||||||||||||||d | ||
| 020 | _a8439317700 | ||
| 040 |
_aCDMR _bcat _cCDMR |
||
| 245 | 0 | 0 |
_aConstruir l'espai català de comunicació _cdirector Josep Gifreu ; coordinació Maria Corominas |
| 260 |
_aBarcelona _c1991 _bCentre d'Investigació de la Comunicació |
||
| 300 | _a295 p. | ||
| 490 | 0 |
_aEstudis i Recerques _v5 |
|
| 650 | 0 | 4 |
_91448 _aMitjans de comunicació de massa _zCatalunya |
| 650 | 0 | 4 |
_93377 _aMitjans de comunicació de massa i llenguatge |
| 650 | 0 | 4 |
_94398 _aCatalunya _xPolítica de la comunicació |
| 700 | 1 |
_9366 _aGifreu, Josep _edir. |
|
| 700 | 1 |
_92139 _aCorominas, Maria _ecoor. |
|
| 710 | 2 |
_9304 _aCentre d'Investigació de la Comunicació |
|
| 942 |
_cMON _2udc |
||
| 999 |
_c4256 _d4256 |
||